Statistiques concernant Les ministres de la Culture de la Ve République

Cliquez ici pour prendre le quiz!

Statistiques générales

  • Ce quiz a été pris 60 fois
  • Le résultat moyen est 15 sur 32

Statistiques - réponses

Intitulé du MinistèreDébut de fonctionFin de fonctionMinistre% Correct
Ministre d'État, ministre
de l'Éducation nationale
et de la Culture
2 avril 199229 mars 1993Jack Lang
90%
Ministre de la Culture22 mai 198122 mars 1983Jack Lang
90%
Ministre de la Culture et
de la Communication,
porte-parole du Gouvernement
16 mai 19912 avril 1992Jack Lang
90%
Ministre de la Culture, de la
Communication, des Grands
travaux et du Bicentenaire
28 juin 198815 mai 1991Jack Lang
90%
Ministre de la Culture et de
la Communication
12 mai 198823 juin 1988Jack Lang
90%
Ministre de la Culture7 décembre 198420 mars 1986Jack Lang
90%
Ministre délégué à la Culture22 mars 19837 décembre 1984Jack Lang
90%
Ministre de la Culture6 juillet 202020 mai 2022Roselyne Bachelot
83%
Ministre d'État
chargé des Affaires culturelles
22 juillet 195920 juin 1969André Malraux
76%
Ministre de la Culture et
de la Communication
26 août 201411 février 2016Fleur Pellerin
60%
Ministre de la Culture et
de la Communication
23 juin 200910 mai 2012Frédéric Mitterrand
55%
Ministre de la Culture16 octobre 20186 juillet 2020Franck Riester
52%
Ministre de la Culture et
de la Communication
16 mai 201225 août 2014Aurélie Filippetti
48%
Ministre de la Culture17 mai 201716 octobre 2018Françoise Nyssen
45%
Ministre de la Culture et de
la Communication,
porte-parole du Gouvernement
4 juin 199727 mars 2000Catherine Trautmann
38%
Ministre de la Culture et
de la Francophonie
30 mars 199311 mai 1995Jacques Toubon
38%
Ministre de la Culture20 mai 2022En coursRima Abdul Malak
36%
Ministre de la Culture et
de la Communication
11 février 201610 mai 2017Audrey Azoulay
33%
Ministre de la Culture et
de la Communication
18 mai 200723 juin 2009Christine Albanel
26%
Ministre de la Culture et
de la Communication
27 mars 20006 mai 2002Catherine Tasca
24%
Ministre de la Culture et
de la Communication
31 mars 200415 mai 2007Renaud Donnedieu de Vabres
24%
Ministre de la Culture et de
la Communication
20 mars 198610 mai 1988François Léotard
21%
Secrétaire d'État à la Culture
auprès du Premier ministre
8 juin 197425 août 1976Michel Guy
21%
Ministre des Affaires culturelles
et de l'Environnement
1er mars 197427 mai 1974Alain Peyrefitte
19%
Ministre de la Culture et de
la Communication
5 avril 19784 mars 1981Jean-Philippe Lecat
19%
Ministre des Affaires culturelles5 avril 197327 février 1974Maurice Druon
19%
Ministre d'État
chargé des Affaires culturelles
22 juin 19699 octobre 1970Edmond Michelet
17%
Ministre des Affaires culturelles7 janvier 197128 mars 1973Jacques Duhamel
17%
Ministre de la Culture et
de la Communication
7 mai 200230 mars 2004Jean-Jacques Aillagon
17%
Ministre de la Culture18 mai 19952 juin 1997Philippe Douste-Blazy
17%
Ministre de la Culture
et de l'Environnement
30 mars 197731 mars 1978Michel d'Ornano
14%
Secrétaire d'État à la Culture
auprès du Premier ministre
27 août 197629 mars 1977Françoise Giroud
12%

Distribution des résultats

Percentile par nombre de réponses

% des personnes avec chaque résultat

Votre développement - résultats

Vous n’avez pas pris ce quiz